Stadium to Team - Statistics

General Stats
  • This quiz has been taken 19 times
  • The average score is 18 of 30
Answer Stats
Stadium Team % Correct
5) Old Trafford Manchester United
83%
7) Spotify Camp Nou Barcelona
72%
11) TD Garden Celtics
72%
9) Arrowhead Stadium Chiefs
72%
6) Anfield Liverpool
72%
26) Bernabéu Real Madrid
72%
27) Great American Park Reds
72%
18) Fenway Park Red Sox
72%
10) Allianz Arena Bayern Munich
67%
17) Wrigley Field Cubs
67%
2) Gillette Stadium Patriots
67%
15) Ceasars Superdome Saints
67%
28) Signal Iduna Park Borussia Dortmund
61%
8) Raymond James Stadium Buccaneers
61%
24) Busch Stadium Cardinals
61%
3) Stamford Bridge Chelsea
61%
20) Citi Field Mets
61%
19) Camden Yards- Baltimore Orioles
61%
4) Tropicana Field Rays
61%
21) Levi Stadium 49ers
56%
14) AT&T Stadium Cowboys
56%
30) Barclays Center Nets
56%
1) PNC Park Pirates
56%
22) Petco Park Padres
50%
13) Oracle Park Giants
44%
25) Parc Des Princes Paris St Germain
44%
29) Chase Field Diamondbacks
39%
16) Progressive Field Guardians
39%
23) Scotiabank Saddledome Flames
22%
12) Bridgestone Arena Predators
22%
No matching quizzes found
Score Distribution
Percent of People with Each Score
Percentile by Number Answered
Your Score History
You have not taken this quiz